[Event "4NCL/Div2/BAR2-WES"]
[Site "Rd11-Birmingham"]
[Date "2000.05.01"]
[Round "11.4"]
[White "Simons, Martin"]
[Black "Twyble, Michael"]
[Result "0-1"]
[WhiteElo "2248"]
[BlackElo "2214"]
[PlyCount "71"]
[EventDate "2000.05.01"]

1. d4 Nf6 2. Nc3 d5 3. e4 e6 4. Be3 dxe4 5. f3 Bb4 6. a3 Nd5 7. Qd2 Bxc3 8.
bxc3 Nc6 9. Bf2 e3 10. Bxe3 Nxe3 11. Qxe3 O-O 12. f4 Ne7 13. Nf3 Nd5 14. Qd2
Qd6 15. c4 Nf6 16. c5 Qe7 17. Bd3 Bd7 18. Ne5 b6 19. c6 Be8 20. Be2 Qd6 21. Bf3
Nd5 22. c4 Ne7 23. d5 exd5 24. cxd5 Rd8 25. Qb4 Nxd5 26. Qxd6 Rxd6 27. Rd1 Ne7
28. O-O f6 29. Rxd6 cxd6 30. Nd7 Bxd7 31. cxd7 Rd8 32. Re1 Rxd7 33. Kf2 Kf7 34.
Bd1 d5 35. Bb3 Nc6 36. g4 0-1

[Event "4NCL/Div2/BAR2-WES"]
[Site "Rd11-Birmingham"]
[Date "2000.05.01"]
[Round "11.5"]
[White "Sands, David"]
[Black "Upton, Ian"]
[Result "1/2-1/2"]
[WhiteElo "2258"]
[BlackElo "2238"]
[PlyCount "68"]
[EventDate "2000.05.01"]

1. d4 e6 2. c4 f5 3. Nf3 Nf6 4. g3 Bb4+ 5. Nbd2 b6 6. Bg2 Bb7 7. O-O O-O 8. a3
Bxd2 9. Qxd2 Be4 10. b3 Qe7 11. Bb2 d6 12. Rac1 Nbd7 13. Bh3 h6 14. d5 Nh7 15.
dxe6 Nc5 16. Qe3 Nxe6 17. Bg2 Qf7 18. Ne1 Bxg2 19. Nxg2 Rae8 20. Rce1 Nf6 21.
f3 Nc5 22. Qc3 d5 23. cxd5 Qxd5 24. b4 Na4 25. Qc2 Nxb2 26. Qxb2 c5 27. bxc5
Qxc5+ 28. Kh1 Qe5 29. Qb3+ Kh7 30. Nf4 Re7 31. Kg2 Rfe8 32. h4 Qe3 33. Qb2 Qe5
34. Qb3 Qe3 1/2-1/2

[Event "4NCL/Div2/BAR2-WES"]
[Site "Rd11-Birmingham"]
[Date "2000.05.01"]
[Round "11.6"]
[White "Neil, David"]
[Black "D'Costa, Lorin"]
[Result "0-1"]
[WhiteElo "2244"]
[BlackElo "2215"]
[PlyCount "73"]
[EventDate "2000.05.01"]

1. e4 c5 2. Nc3 Nc6 3. f4 g6 4. Nf3 Bg7 5. Bb5 Nd4 6. a4 e6 7. d3 Ne7 8. e5 a6
9. Bc4 d5 10. exd6 Nef5 11. Ne4 Nxd6 12. Nxd6+ Qxd6 13. Nxd4 cxd4 14. O-O O-O
15. Bd2 b6 16. b4 Bb7 17. Qe2 Rfc8 18. Rfb1 Rc7 19. Be1 Bh6 20. c3 Bxf4 21.
cxd4 Bxh2+ 22. Kh1 Bg3 23. Qe3 Bxe1 24. Rxe1 Rd8 25. b5 a5 26. Rac1 Qxd4 27.
Qxd4 Rxd4 28. Rxe6 Rxd3 29. Re8+ Kg7 30. Bxd3 Rxc1+ 31. Kh2 Rd1 32. Be2 Rd2 33.
Bf1 Rd6 34. Rb8 Bd5 35. Be2 Re6 36. Bd3 Bb3 37. Kg3 0-1

[Event "4NCL/Div2/BAR2-WES"]
[Site "Rd11-Birmingham"]
[Date "2000.05.01"]
[Round "11.7"]
[White "Lewis, Andrew P"]
[Black "Willmoth, Robert"]
[Result "1-0"]
[WhiteElo "2266"]
[BlackElo "2215"]
[PlyCount "81"]
[EventDate "2000.05.01"]

1. c4 d6 2. Nc3 e5 3. g3 Nc6 4. Bg2 g6 5. Rb1 Be6 6. d3 Bg7 7. b4 Qd7 8. b5 Nd8
9. Qb3 h6 10. a4 f5 11. f4 Nf6 12. Nf3 Nh5 13. e3 O-O 14. O-O Qf7 15. Ba3 Re8
16. a5 Rc8 17. b6 axb6 18. axb6 c5 19. Nb5 Qe7 20. fxe5 dxe5 21. Nc7 Bd7 22. d4
exd4 23. exd4 Ne6 24. Rbe1 Qf7 25. Nxe8 Rxe8 26. Ne5 Bxe5 27. dxe5 Bc8 28. Bd5
Qe7 29. Qe3 Kh7 30. Bb2 Rf8 31. Bc1 f4 32. gxf4 Nexf4 33. e6 Bxe6 34. Kh1 Qg5
35. Bf3 Bxc4 36. Qe7+ Qxe7 37. Rxe7+ Kg8 38. Rg1 g5 39. Bxb7 Nd5 40. Bxg5 Nxe7
41. Bxe7+ 1-0

[Event "4NCL/Div2/BAR2-WES"]
[Site "Rd11-Birmingham"]
[Date "2000.05.01"]
[Round "11.8"]
[White "Howard, Emily"]
[Black "Fox, Tanya"]
[Result "1-0"]
[WhiteElo "2050"]
[BlackElo "1256"]
[PlyCount "37"]
[EventDate "2000.05.01"]

1. e4 e5 2. Nf3 Nc6 3. Nc3 Nf6 4. d4 exd4 5. Nxd4 Bc5 6. Nxc6 bxc6 7. Bd3 d6 8.
Bg5 h6 9. Bh4 O-O 10. O-O Bd4 11. Kh1 Be6 12. f4 Re8 13. Na4 Bg4 14. Bxf6 Bxd1
15. Bxd8 Bxc2 16. Bxc2 Raxd8 17. Rad1 Bb6 18. Nxb6 cxb6 19. Rd2 1-0

[Event "4NCL/Div2/3Cs-PER"]
[Site "Rd11-Birmingham"]
[Date "2000.05.01"]
[Round "11.1"]
[White "Adams, Phil"]
[Black "Hunt, Adam"]
[Result "0-1"]
[WhiteElo "2072"]
[BlackElo "2388"]
[PlyCount "84"]
[EventDate "2000.05.01"]

1. e4 c5 2. Nc3 Nc6 3. Nge2 e5 4. Nd5 Be7 5. Nec3 Nf6 6. Bc4 O-O 7. d3 d6 8. f4
exf4 9. Bxf4 Ng4 10. O-O Nge5 11. Bb3 Bg5 12. Qh5 h6 13. Bxg5 hxg5 14. Ne3 Nd4
15. h3 b5 16. Bd5 Rb8 17. a3 a5 18. Rf2 Be6 19. Raf1 b4 20. axb4 axb4 21. Bxe6
bxc3 22. Bxf7+ Rxf7 23. Rxf7 cxb2 24. Ng4 Ndf3+ 25. R7xf3 Nxf3+ 26. gxf3 b1=Q
27. Rxb1 Rxb1+ 28. Kf2 Rb2 29. Ne3 Qe7 30. Kf1 Qf7 31. Qg4 Qf4 32. Qe6+ Kh7 33.
Qf5+ Qxf5 34. Nxf5 Rxc2 35. Nxd6 Rd2 36. Nb7 Rxd3 37. Ke2 c4 38. Na5 Rc3 39.
Kd2 Rxf3 40. Nxc4 Rxh3 41. Ke2 Kg6 42. Kf2 Kf6 0-1

[Event "4NCL/Div2/3Cs-PER"]
[Site "Rd11-Birmingham"]
[Date "2000.05.01"]
[Round "11.2"]
[White "Mutton, Jonathan"]
[Black "Longson, Alex"]
[Result "0-1"]
[WhiteElo "2110"]
[BlackElo "2148"]
[PlyCount "58"]
[EventDate "2000.05.01"]

1. e4 c5 2. Nc3 Nc6 3. f4 g6 4. Nf3 Bg7 5. Bb5 Nd4 6. O-O e6 7. e5 a6 8. Bd3
Nxf3+ 9. Qxf3 d5 10. Qf2 b6 11. a4 Qc7 12. b3 Ne7 13. Ba3 Nc6 14. Ne2 O-O 15.
c3 f6 16. b4 c4 17. Bc2 b5 18. Qc5 fxe5 19. axb5 axb5 20. Qxb5 Rf7 21. Qc5 Bf8
22. Qe3 Bd6 23. g3 Bb7 24. fxe5 Rxf1+ 25. Kxf1 Nxe5 26. Nd4 Qf7+ 27. Kg1 Rf8
28. Re1 Kh8 29. Nb5 Nf3+ 0-1

[Event "4NCL/Div2/3Cs-PER"]
[Site "Rd11-Birmingham"]
[Date "2000.05.01"]
[Round "11.3"]
[White "Taylor, Robert"]
[Black "Broomfield, Matthew"]
[Result "1/2-1/2"]
[WhiteElo "2116"]
[BlackElo "2166"]
[PlyCount "128"]
[EventDate "2000.05.01"]

1. e4 Nf6 2. e5 Nd5 3. Nc3 Nxc3 4. bxc3 d6 5. f4 g6 6. d4 Bg7 7. Be3 c6 8. Qd2
Qa5 9. Bd3 Nd7 10. Nf3 Nb6 11. O-O Be6 12. f5 Bxf5 13. exd6 e6 14. Bxf5 gxf5
15. Qd3 Qd5 16. Bf4 O-O-O 17. Ne5 Bxe5 18. dxe5 Rhg8 19. Qe2 Rg4 20. Rad1 Qc5+
21. Kh1 Nd5 22. Qd2 Rdg8 23. g3 Nxc3 24. Rde1 Qd5+ 25. Kg1 Qxd2 26. Bxd2 Nd5
27. Kf2 Ra4 28. Ra1 Kd7 29. Rfb1 b5 30. Rc1 Rgg4 31. h3 Rge4 32. Re1 Rxe1 33.
Rxe1 Rxa2 34. Rc1 Ra4 35. Bh6 a5 36. Kf3 Ra3+ 37. Kf2 Rc3 38. Bd2 Ra3 39. c4
Ra2 40. Ke1 Nb6 41. cxb5 c5 42. Rxc5 Nd5 43. b6 Rb2 44. Rxa5 Nxb6 45. Ra7+ Kc6
46. Rxf7 Nd7 47. Bf4 Rb5 48. Re7 Nxe5 49. Rxe6 Nd3+ 50. Ke2 Nxf4+ 51. gxf4 Rb4
52. Kf3 Rb3+ 53. Kg2 Rb2+ 54. Kg3 Rb3+ 55. Kh4 Rf3 56. Kg5 Rxh3 57. Kxf5 Kd7
58. Rf6 Rh5+ 59. Kg4 Rd5 60. Rf7+ Kxd6 61. Rxh7 Ke6 62. Ra7 Kf6 63. Ra6+ Kf7
64. f5 Rd1 1/2-1/2

[Event "4NCL/Div2/3Cs-PER"]
[Site "Rd11-Birmingham"]
[Date "2000.05.01"]
[Round "11.4"]
[White "Hodge, David"]
[Black "Bentley, John"]
[Result "1/2-1/2"]
[WhiteElo "2117"]
[BlackElo "1984"]
[PlyCount "76"]
[EventDate "2000.05.01"]

1. e4 g6 2. d4 Bg7 3. Nc3 c5 4. Nf3 cxd4 5. Nxd4 Nc6 6. Nb3 Nf6 7. Be2 O-O 8.
O-O d6 9. Kh1 b6 10. f4 Bb7 11. Bf3 Nd7 12. Ne2 Nc5 13. Re1 a5 14. Nbd4 a4 15.
Nxc6 Bxc6 16. Nd4 Bb7 17. Rb1 Rc8 18. b3 axb3 19. axb3 Qe8 20. c4 e5 21. Nb5
Rd8 22. b4 Ne6 23. f5 Nd4 24. Nxd4 exd4 25. f6 Bxf6 26. Bh6 Be5 27. Bxf8 Qxf8
28. Qd2 Qe7 29. Qf2 Rc8 30. Rbc1 Qf6 31. Rf1 Qf4 32. g3 Qg5 33. Bg2 Rf8 34.
Rcd1 Qe3 35. Qxe3 dxe3 36. Rfe1 Bc3 37. Rxe3 Bxb4 38. Rb3 Bc5 1/2-1/2

[Event "4NCL/Div2/3Cs-PER"]
[Site "Rd11-Birmingham"]
[Date "2000.05.01"]
[Round "11.5"]
[White "Walton, Alan"]
[Black "Trent, Lawrence"]
[Result "1/2-1/2"]
[WhiteElo "1928"]
[BlackElo "2188"]
[PlyCount "87"]
[EventDate "2000.05.01"]

1. d4 c5 2. d5 Nf6 3. Nc3 d6 4. e4 g6 5. Bg5 Bg7 6. Qd2 O-O 7. h4 h5 8. Nf3 a6
9. a4 Nbd7 10. a5 b5 11. axb6 Qxb6 12. Ra2 Re8 13. Bd3 Ng4 14. O-O Bb7 15. Ne2
Nde5 16. Nxe5 Bxe5 17. c3 a5 18. Nc1 Bg7 19. Be2 Ba6 20. Re1 Ne5 21. b3 c4 22.
Be3 Qc7 23. Bd4 cxb3 24. Nxb3 Bc4 25. Qc2 a4 26. Bxc4 Nxc4 27. Nd2 Nxd2 28.
Qxd2 Qc4 29. Rea1 Reb8 30. Bxg7 Kxg7 31. Qc2 Rb3 32. Ra3 Rc8 33. Rxa4 Qxc3 34.
Qxc3+ Rcxc3 35. f3 Kf6 36. Ra8 Rb7 37. R1a2 Ke5 38. Kh2 f5 39. exf5 gxf5 40.
Rh8 Kxd5 41. Rxh5 e6 42. Rd2+ Kc6 43. Re2 Kd5 44. Rd2+ 1/2-1/2

[Event "4NCL/Div2/3Cs-PER"]
[Site "Rd11-Birmingham"]
[Date "2000.05.01"]
[Round "11.6"]
[White "Frost, Nick"]
[Black "Lewis, Andrew"]
[Result "1-0"]
[WhiteElo "2109"]
[BlackElo "1976"]
[PlyCount "93"]
[EventDate "2000.05.01"]

1. e4 e6 2. d4 d5 3. e5 c5 4. c3 Nc6 5. Nf3 Bd7 6. Be2 Qb6 7. b3 cxd4 8. cxd4
Bb4+ 9. Kf1 Be7 10. Nc3 f6 11. Na4 Qc7 12. Bf4 g5 13. Bg3 f5 14. h4 g4 15. Ne1
h5 16. Bf4 Qd8 17. g3 Rc8 18. Kg2 Nb4 19. a3 Nc6 20. b4 Nxd4 21. Qxd4 Bxa4 22.
Qxa7 Qd7 23. Qd4 Bb5 24. Bxb5 Qxb5 25. Rc1 Rxc1 26. Bxc1 Bd8 27. Be3 Ne7 28.
Qc5 Qxc5 29. Bxc5 Ng6 30. Nd3 Bc7 31. Bd4 b6 32. Rc1 Kd7 33. Kf1 Rf8 34. Be3
Rb8 35. Ke2 Nxe5 36. Rxc7+ Kxc7 37. Bf4 Ra8 38. Bxe5+ Kd7 39. Bb2 Kd6 40. Ke3
Rc8 41. Be5+ Kd7 42. Bd4 Ra8 43. Bxb6 Rxa3 44. Kd4 Ra2 45. Ke5 Ke7 46. Bc5+ Kf7
47. Nf4 1-0

[Event "4NCL/Div2/3Cs-PER"]
[Site "Rd11-Birmingham"]
[Date "2000.05.01"]
[Round "11.7"]
[White "Ashton, Adam"]
[Black "Gilbert, Jessie"]
[Result "1-0"]
[WhiteElo "1840"]
[BlackElo "2050"]
[PlyCount "53"]
[EventDate "2000.05.01"]

1. e4 c6 2. d4 d5 3. exd5 cxd5 4. Bd3 Nf6 5. c3 Bg4 6. Qb3 Qd7 7. Bf4 Nc6 8.
Nd2 e6 9. Ngf3 Bxf3 10. Nxf3 Bd6 11. Bxd6 Qxd6 12. O-O O-O 13. Rae1 Rab8 14.
Ne5 b5 15. a3 a5 16. f4 b4 17. Qa4 Rfc8 18. f5 Nxe5 19. dxe5 Qc5+ 20. Kh1 Ng4
21. fxe6 fxe6 22. Qc2 Ne3 23. Bxh7+ Kh8 24. Qg6 Nxf1 25. Qh5 Nd2 26. Bf5+ Kg8
27. Bxe6+ 1-0

[Event "4NCL/Div2/3Cs-PER"]
[Site "Rd11-Birmingham"]
[Date "2000.05.01"]
[Round "11.8"]
[White "Bennet, William"]
[Black "Roberts, Elizabeth"]
[Result "1-0"]
[WhiteElo "1696"]
[BlackElo "1208"]
[PlyCount "99"]
[EventDate "2000.05.01"]

1. d4 d5 2. c4 e6 3. Nc3 Nf6 4. cxd5 exd5 5. Bg5 Nbd7 6. e3 Be7 7. Bd3 c6 8.
Nge2 O-O 9. O-O Re8 10. Qc2 Nf8 11. Rab1 Ng6 12. b4 a6 13. Nf4 Ne4 14. Bxe7
Qxe7 15. Nfxd5 cxd5 16. Nxd5 Qd6 17. Nc7 Bf5 18. Nxa8 Rc8 19. Qb2 Rxa8 20. f3
Ng3 21. Bxf5 Nxf5 22. Qc3 Qd7 23. Rbc1 Nge7 24. Qd2 b5 25. Rc5 Nd6 26. Qd3 Nc6
27. Rfc1 Nxb4 28. Qb3 a5 29. Rc7 Qd8 30. a3 Na6 31. R7c6 b4 32. Qd5 Qe7 33.
Qxd6 Qxe3+ 34. Kh1 h6 35. Qe5 Qxe5 36. dxe5 bxa3 37. Rc8+ Rxc8 38. Rxc8+ Kh7
39. Rc3 a2 40. Ra3 Nb4 41. Rxa5 Kg6 42. g4 Nc6 43. Rxa2 Nxe5 44. Kg2 f5 45.
Ra6+ Kg5 46. Kg3 f4+ 47. Kf2 g6 48. Re6 Nc4 49. h4+ Kxh4 50. Rxg6 1-0

[Event "4NCL/Div2/BR2-KHD"]
[Site "Rd11-Birmingham"]
[Date "2000.05.01"]
[Round "11.2"]
[White "McMichael, Rick"]
[Black "Jakubovics, Nick"]
[Result "1/2-1/2"]
[WhiteElo "2261"]
[BlackElo "2238"]
[PlyCount "136"]
[EventDate "2000.05.01"]

1. b3 e5 2. Bb2 Nc6 3. e3 d5 4. Bb5 Bd6 5. f4 Qh4+ 6. g3 Qe7 7. Nf3 Bg4 8. fxe5
Bxf3 9. Qxf3 Bxe5 10. Bxe5 Qxe5 11. Bxc6+ bxc6 12. Nc3 Nf6 13. O-O O-O 14. Qf4
Rae8 15. Qxe5 Rxe5 16. Rf4 Ne4 17. Nxe4 dxe4 18. Raf1 f5 19. g4 g6 20. gxf5
gxf5 21. R1f2 Rf6 22. Kf1 Kf7 23. Ke2 Ke6 24. d3 exd3+ 25. cxd3 Rh6 26. Kd2 Rh3
27. Re2 Ra5 28. Kc3 Re5 29. Kd2 Ra5 30. a4 Rd5 31. Rb4 Kd6 32. Rb8 Kd7 33. Rg2
f4 34. exf4 Rdxd3+ 35. Kc2 Rdf3 36. Rb4 Rh4 37. Rd4+ Kc8 38. Rc4 Rhxf4 39. Rxc6
Rf2+ 40. Rxf2 Rxf2+ 41. Kc3 Rxh2 42. Kb4 Kb7 43. Rf6 Rh4+ 44. Kc5 Rh5+ 45. Kc4
Rh1 46. Kb4 h5 47. Kb5 Rd1 48. Rh6 Rd5+ 49. Kc4 Rg5 50. b4 a6 51. a5 Rg4+ 52.
Kc5 Rg5+ 53. Kc4 Rb5 54. Rh7 Re5 55. Rh6 Rf5 56. Rh7 Rf4+ 57. Kc5 Rf5+ 58. Kc4
Re5 59. Rh6 Rb5 60. Rh7 Rg5 61. Rh6 Rg4+ 62. Kc5 Rh4 63. b5 axb5 64. Kxb5 Rh1
65. a6+ Ka7 66. Rh7 Rb1+ 67. Ka5 Rc1 68. Kb5 Rb1+ 1/2-1/2

[Event "4NCL/Div2/BR2-KHD"]
[Site "Rd11-Birmingham"]
[Date "2000.05.01"]
[Round "11.3"]
[White "Collier, David"]
[Black "Thomas, Richard"]
[Result "1/2-1/2"]
[WhiteElo "2215"]
[BlackElo "2265"]
[PlyCount "28"]
[EventDate "2000.05.01"]

1. d4 Nf6 2. Bg5 d5 3. Bxf6 exf6 4. e3 Nc6 5. Nf3 Bf5 6. a3 Bd6 7. c4 dxc4 8.
Bxc4 O-O 9. O-O Qd7 10. Nc3 Bg4 11. Ne4 f5 12. Nxd6 cxd6 13. h3 Bh5 14. Be2 f6
1/2-1/2

[Event "4NCL/Div2/BR2-KHD"]
[Site "Rd11-Birmingham"]
[Date "2000.05.01"]
[Round "11.4"]
[White "Mackenzie, Colin"]
[Black "Easton, Alex"]
[Result "1/2-1/2"]
[WhiteElo "2138"]
[BlackElo "2165"]
[PlyCount "37"]
[EventDate "2000.05.01"]

1. Nf3 Nf6 2. c4 g6 3. Nc3 d5 4. cxd5 Nxd5 5. g3 c5 6. Bg2 Nc6 7. O-O Bg7 8.
Nxd5 Qxd5 9. d3 O-O 10. a3 Qd6 11. Rb1 Bd7 12. Nd2 b6 13. b4 cxb4 14. axb4 Rac8
15. Ne4 Qe6 16. Bb2 Nd4 17. e3 Nb5 18. Bxg7 Kxg7 19. Qd2 1/2-1/2

[Event "4NCL/Div2/BR2-KHD"]
[Site "Rd11-Birmingham"]
[Date "2000.05.01"]
[Round "11.5"]
[White "Dilleigh, Stephen"]
[Black "Okike, David"]
[Result "1/2-1/2"]
[WhiteElo "2186"]
[BlackElo "2170"]
[PlyCount "60"]
[EventDate "2000.05.01"]

1. c4 Nf6 2. g3 d6 3. Bg2 Nc6 4. Nc3 g6 5. e4 Bg7 6. Nge2 e5 7. O-O Bg4 8. h3
Be6 9. d3 Qd7 10. Kh2 h5 11. Nd5 h4 12. g4 Ng8 13. g5 Nd8 14. d4 c6 15. Ne3 Qc7
16. d5 Bd7 17. Bf3 c5 18. Bg4 b6 19. Rg1 Bf8 20. Nc3 Be7 21. Bxd7+ Qxd7 22. Qg4
Nb7 23. Qxd7+ Kxd7 24. Rg4 Rf8 25. Rg2 Rh5 26. Ng4 Kc7 27. f4 exf4 28. Bxf4
Bxg5 29. Rf1 Bxf4+ 30. Rxf4 a6 1/2-1/2

[Event "4NCL/Div2/BR2-KHD"]
[Site "Rd11-Birmingham"]
[Date "2000.05.01"]
[Round "11.6"]
[White "Cawte, Paul"]
[Black "Buckley, David"]
[Result "1-0"]
[WhiteElo "2150"]
[BlackElo "2153"]
[PlyCount "85"]
[EventDate "2000.05.01"]

1. d4 d5 2. Bg5 h6 3. Bh4 c6 4. Nc3 Bf5 5. e3 Nd7 6. g4 Bh7 7. Bg2 Qb6 8. Rb1
e6 9. Nge2 Be7 10. Bg3 Ngf6 11. h3 c5 12. O-O Bd6 13. a3 O-O 14. Bxd6 Qxd6 15.
Ng3 Rfd8 16. Qe2 cxd4 17. exd4 Nf8 18. f4 Rac8 19. Qf2 Rc4 20. f5 Qb6 21. Rfd1
Ne8 22. Bf1 Rc7 23. Bd3 exf5 24. gxf5 Qf6 25. Nb5 Re7 26. Nxa7 Nd6 27. Nb5 Ne4
28. Bxe4 dxe4 29. Re1 Qg5 30. Qe3 Qh4 31. Kh2 g6 32. Rf1 Nd7 33. Rf4 Qg5 34.
Nxe4 Rxe4 35. Rxe4 Qxf5 36. Nd6 Qa5 37. Rf1 Qa6 38. Re8+ Nf8 39. Rxd8 Qxf1 40.
Ne4 g5 41. Nf2 Bxc2 42. d5 Bb3 43. Qc5 1-0

[Event "4NCL/Div2/BR2-KHD"]
[Site "Rd11-Birmingham"]
[Date "2000.05.01"]
[Round "11.7"]
[White "Tidman, Sophie"]
[Black "Gilfillan, Andrew"]
[Result "0-1"]
[WhiteElo "2072"]
[BlackElo "1976"]
[PlyCount "84"]
[EventDate "2000.05.01"]

1. e4 d5 2. exd5 Nf6 3. c4 e6 4. dxe6 Bxe6 5. Nf3 Nc6 6. d4 Bb4+ 7. Nc3 Ne4 8.
Bd2 Nxd2 9. Qxd2 Qf6 10. O-O-O O-O-O 11. d5 Bg4 12. Be2 Rhe8 13. Rhe1 Bd6 14.
Qc2 Nb4 15. Qb3 Qf5 16. Rd2 Bxf3 17. gxf3 Na6 18. Qc2 Qxc2+ 19. Kxc2 Bxh2 20.
Rh1 Bf4 21. Rdd1 h6 22. a3 Nc5 23. Rh4 Bg5 24. Rhh1 g6 25. b4 Nd7 26. c5 f5 27.
Bc4 Ne5 28. Bb5 c6 29. dxc6 bxc6 30. Ba6+ Kc7 31. b5 Nxf3 32. bxc6 h5 33. Bb7
Kb8 34. Rd6 Nd4+ 35. Kd3 Ne6 36. Kc4 Nc7 37. Rxg6 Ne6 38. Rxh5 Rd4+ 39. Kb3
Nxc5+ 40. Ka2 Rd2+ 41. Ka1 Re1+ 42. Nb1 Nb3# 0-1

[Event "4NCL/Div2/BR2-KHD"]
[Site "Rd11-Birmingham"]
[Date "2000.05.01"]
[Round "11.8"]
[White "Kelly, Alexandra"]
[Black "Grossett, Duncan"]
[Result "1/2-1/2"]
[WhiteElo "1576"]
[BlackElo "2080"]
[PlyCount "88"]
[EventDate "2000.05.01"]

1. e4 g6 2. d4 d6 3. Nf3 Bg7 4. Nc3 Nf6 5. h3 a6 6. a4 Nc6 7. Be3 O-O 8. Qd2 e5
9. d5 Ne7 10. Bh6 c6 11. Bxg7 Kxg7 12. dxc6 bxc6 13. O-O-O Ne8 14. Nxe5 Be6 15.
Nd3 Qb6 16. Nf4 Rb8 17. Qd4+ Kg8 18. Qxb6 Rxb6 19. Nxe6 fxe6 20. f3 d5 21. Be2
Nc7 22. Rd2 c5 23. exd5 exd5 24. Re1 Rf7 25. Bf1 Kf8 26. Rde2 Rb4 27. Re5 c4
28. R1e2 d4 29. Nb1 Rxa4 30. R2e4 Nf5 31. Be2 Nb5 32. b3 cxb3 33. Bxb5 axb5 34.
cxb3 Ra2 35. Re2 Rc7+ 36. Kd1 Ra1 37. Rb2 Ne3+ 38. Kd2 b4 39. Rb5 Nxg2 40. Rxb4
Rf7 41. Rxd4 Rxf3 42. b4 Rf2+ 43. Kc3 Rf1 44. Rxg2 Raxb1 1/2-1/2

[Event "4NCL/Div2/WIT-SCS"]
[Site "Rd11-Birmingham"]
[Date "2000.05.01"]
[Round "11.1"]
[White "Devereaux, Max"]
[Black "Greet, Andrew"]
[Result "1-0"]
[WhiteElo "2239"]
[BlackElo "2238"]
[PlyCount "103"]
[EventDate "2000.05.01"]

1. e4 c5 2. c3 d5 3. exd5 Qxd5 4. d4 Nf6 5. Nf3 Bg4 6. Be2 e6 7. h3 Bh5 8. Be3
cxd4 9. cxd4 Nc6 10. Nc3 Qd6 11. O-O Be7 12. Qb3 O-O 13. a3 Rfd8 14. Rfd1 Rac8
15. Rac1 Nd5 16. Nxd5 Qxd5 17. Qxd5 exd5 18. Rc3 f6 19. Rdc1 Bd6 20. g4 Bf7 21.
Ba6 Rb8 22. Bd3 Ne7 23. Nh4 g6 24. Ng2 Rbc8 25. Bf4 Rxc3 26. Rxc3 Bxf4 27. Nxf4
Rc8 28. Rxc8+ Nxc8 29. Ne2 g5 30. f4 Bg6 31. f5 Be8 32. Nc3 Bc6 33. b4 b6 34.
Bb5 Ne7 35. Kf2 Bb7 36. Bd7 Kg7 37. b5 h5 38. Na2 Bc8 39. Bc6 a6 40. Nc3 axb5
41. Bxd5 hxg4 42. hxg4 Bd7 43. Bb7 Kf8 44. d5 Nc8 45. Bxc8 Bxc8 46. Nxb5 Ke7
47. Ke3 Ba6 48. Nc3 Bf1 49. Ne4 Bb5 50. d6+ Kf7 51. Nc3 Bc6 52. Kd4 1-0

[Event "4NCL/Div2/WIT-SCS"]
[Site "Rd11-Birmingham"]
[Date "2000.05.01"]
[Round "11.3"]
[White "Haydon, Richard"]
[Black "Rattray, Ross"]
[Result "1/2-1/2"]
[WhiteElo "2176"]
[BlackElo "2109"]
[PlyCount "93"]
[EventDate "2000.05.01"]

1. Nf3 d5 2. g3 g6 3. Bg2 Bg7 4. O-O e5 5. d3 Ne7 6. e4 O-O 7. exd5 Nxd5 8. Bg5
f6 9. Bd2 b6 10. Re1 c6 11. d4 Re8 12. dxe5 fxe5 13. Bg5 Qc7 14. c4 Ne7 15. Nc3
Nd7 16. Bxe7 Rxe7 17. Nd5 Qd6 18. Nxe7+ Qxe7 19. Nd4 Bb7 20. Nxc6 Qe8 21. Qd6
Bf8 22. Qc7 Qc8 23. Qxc8 Rxc8 24. Bd5+ Kg7 25. Nxe5 Bxd5 26. cxd5 Nf6 27. Rad1
Bd6 28. Nc6 Kf7 29. Rc1 Kg7 30. Nxa7 Ra8 31. Nb5 Bc5 32. Nc7 Rxa2 33. Ne6+ Kh6
34. Nxc5 bxc5 35. Rxc5 Rxb2 36. Re7 Rd2 37. h4 Kh5 38. f3 Rd3 39. d6+ Kh6 40.
d7 Nxd7 41. g4 Nf8 42. Kg2 Rd8 43. Rcc7 g5 44. Rc6+ Ng6 45. h5 Rd2+ 46. Kf1
Rf2+ 47. Kxf2 1/2-1/2

[Event "4NCL/Div2/WIT-SCS"]
[Site "Rd11-Birmingham"]
[Date "2000.05.01"]
[Round "11.4"]
[White "Edwards, David"]
[Black "Dickinson, Tim"]
[Result "1/2-1/2"]
[WhiteElo "2137"]
[BlackElo "2176"]
[PlyCount "32"]
[EventDate "2000.05.01"]

1. e4 c5 2. Nf3 d6 3. Bb5+ Bd7 4. Bxd7+ Qxd7 5. O-O g6 6. c3 Nf6 7. Re1 Nc6 8.
d4 Bg7 9. d5 Ne5 10. Nxe5 dxe5 11. c4 O-O 12. a3 Rac8 13. Qd3 Ne8 14. b4 Qc7
15. b5 Nd6 16. Bb2 a5 1/2-1/2

[Event "4NCL/Div2/WIT-SCS"]
[Site "Rd11-Birmingham"]
[Date "2000.05.01"]
[Round "11.5"]
[White "Hackett, David"]
[Black "Cooley, Oliver"]
[Result "1-0"]
[WhiteElo "2193"]
[BlackElo "1896"]
[PlyCount "111"]
[EventDate "2000.05.01"]

1. e4 e5 2. Nf3 Nc6 3. Bb5 a6 4. Bxc6 dxc6 5. O-O Bd6 6. d4 Bg4 7. dxe5 Bxf3 8.
Qxf3 Bxe5 9. Nd2 Qf6 10. Qxf6 Nxf6 11. Nf3 Nd7 12. Nxe5 Nxe5 13. Bf4 f6 14.
Rad1 Ke7 15. Bxe5 fxe5 16. Rd3 Rad8 17. Rfd1 Rd6 18. Kf1 Rhd8 19. Ke2 Ke6 20.
Kf3 Rf8+ 21. Ke3 Rf6 22. Rf1 b5 23. b4 Rxd3+ 24. cxd3 g5 25. d4 Rf4 26. dxe5
Kxe5 27. f3 Rf8 28. Rc1 Kd6 29. Rc5 h6 30. Kd4 Ra8 31. e5+ Kd7 32. Rc3 a5 33.
Ra3 Rf8 34. bxa5 Rf4+ 35. Ke3 c5 36. a6 Rf8 37. Ke4 b4 38. Rd3+ Ke6 39. g3 Ra8
40. f4 gxf4 41. gxf4 Rxa6 42. f5+ Ke7 43. Rd2 c4 44. e6 b3 45. axb3 cxb3 46.
Rd7+ Ke8 47. Rxc7 Rb6 48. Ke5 Kd8 49. Rd7+ Ke8 50. f6 Rb5+ 51. Kf4 Rb8 52. Rh7
Rb4+ 53. Ke5 Kd8 54. Rd7+ Kc8 55. f7 Rb5+ 56. Kf6 1-0

[Event "4NCL/Div2/WIT-SCS"]
[Site "Rd11-Birmingham"]
[Date "2000.05.01"]
[Round "11.6"]
[White "Lutton, Ezra"]
[Black "Bourne, Jonathan"]
[Result "1/2-1/2"]
[WhiteElo "1752"]
[BlackElo "2064"]
[PlyCount "48"]
[EventDate "2000.05.01"]

1. e4 c5 2. Nc3 Nc6 3. f4 e6 4. Nf3 Nge7 5. Be2 g6 6. O-O Bg7 7. d3 d6 8. Qe1
Nd4 9. Bd1 O-O 10. Nxd4 Bxd4+ 11. Kh1 Bg7 12. Qh4 Nc6 13. Qg3 f5 14. h4 a6 15.
exf5 exf5 16. h5 Kf7 17. a3 Be6 18. Be3 b6 19. Bf3 d5 20. Rae1 Rc8 21. Bf2 Nd4
22. Bd1 Nc6 23. Bf3 Nd4 24. Bd1 Nc6 1/2-1/2

[Event "4NCL/Div2/WIT-SCS"]
[Site "Rd11-Birmingham"]
[Date "2000.05.01"]
[Round "11.7"]
[White "Wingfield, N."]
[Black "Habibi, Amir"]
[Result "1/2-1/2"]
[WhiteElo "1888"]
[BlackElo "1704"]
[PlyCount "45"]
[EventDate "2000.05.01"]

1. d4 Nf6 2. Nf3 e6 3. Bg5 h6 4. Bh4 b6 5. Nbd2 Bb7 6. e3 c5 7. c3 Nc6 8. dxc5
g5 9. Bg3 bxc5 10. Nc4 d5 11. Nce5 Ne4 12. Bb5 Qb6 13. Qa4 Rc8 14. Bxc6+ Bxc6
15. Nxc6 Qxc6 16. Qxc6+ Rxc6 17. Nd2 Nxg3 18. hxg3 Bg7 19. Ke2 Ke7 20. Rhc1 Rb8
21. Rab1 Rcb6 22. Rc2 Be5 23. b3 1/2-1/2

[Event "4NCL/Div2/WIT-SCS"]
[Site "Rd11-Birmingham"]
[Date "2000.05.01"]
[Round "11.8"]
[White "Partington, Anna"]
[Black "Headlong, Fenella"]
[Result "1/2-1/2"]
[WhiteElo "1496"]
[BlackElo "1752"]
[PlyCount "44"]
[EventDate "2000.05.01"]

1. e4 e5 2. Nf3 Nc6 3. Bc4 Bc5 4. Nc3 Nf6 5. d3 d6 6. Be3 Bxe3 7. fxe3 Na5 8.
Bb3 Nxb3 9. axb3 Bg4 10. h3 Bh5 11. Qe2 c6 12. Rf1 Qb6 13. Kd2 O-O-O 14. g4 Bg6
15. Nh4 Rhf8 16. Nf5 Bxf5 17. exf5 d5 18. Ra4 d4 19. exd4 exd4 20. Ne4 Rfe8 21.
Rf4 Qc7 22. Qf2 Nd5 1/2-1/2

[Event "4NCL/Div2/BIG2-POI"]
[Site "Rd11-Birmingham"]
[Date "2000.05.01"]
[Round "11.1"]
[White "Naylor, John"]
[Black "Lalic, Bogdan"]
[Result "0-1"]
[WhiteElo "2253"]
[BlackElo "2548"]
[PlyCount "78"]
[EventDate "2000.05.01"]

1. e4 c5 2. Nf3 Nc6 3. d4 cxd4 4. Nxd4 e6 5. Nc3 Qc7 6. Be3 Nf6 7. Bd3 a6 8.
O-O Ne5 9. h3 Bc5 10. f4 d6 11. Qe2 Ng6 12. Rae1 O-O 13. Nb3 Bxe3+ 14. Qxe3 b5
15. Nd4 Bb7 16. f5 exf5 17. Nxf5 Rad8 18. Qd4 Ne5 19. Qf2 Qc5 20. Re3 Bc8 21.
Ne7+ Kh8 22. Ncd5 Nxd5 23. Nxd5 Bb7 24. Nf4 Nd7 25. c3 Nf6 26. Ree1 Qxf2+ 27.
Rxf2 Rfe8 28. Rfe2 Re5 29. Bc2 Kg8 30. Kf2 Rde8 31. Rd1 Bxe4 32. Bxe4 Nxe4+ 33.
Kg1 Kf8 34. Nd5 Nxc3 35. Nxc3 Rxe2 36. Nxe2 Rxe2 37. Rxd6 a5 38. Ra6 a4 39. b4
axb3 0-1